MARC details
| 000 -LEADER |
| fixed length control field |
01585cac a2200373 i 4500 |
| 003 - CONTROL NUMBER IDENTIFIER |
| control field |
EG-GICUC |
| 005 - DATE AND TIME OF LATEST TRANSACTION |
| control field |
20260121101721.0 |
| 008 - FIXED-LENGTH DATA ELEMENTS--GENERAL INFORMATION |
| fixed length control field |
091019s2009 ne frb 101 0 eng d |
| 020 ## - INTERNATIONAL STANDARD BOOK NUMBER |
| International Standard Book Number |
9789067042888 |
| Qualifying information |
hbk. |
| 020 ## - INTERNATIONAL STANDARD BOOK NUMBER |
| International Standard Book Number |
9067042889 |
| Qualifying information |
hbk. |
| 040 ## - CATALOGING SOURCE |
| Original cataloging agency |
DLC |
| Transcribing agency |
DLC |
| Modifying agency |
DLC |
| -- |
EG-GICUC |
| Language of cataloging |
eng |
| Description conventions |
rda |
| 050 00 - LIBRARY OF CONGRESS CALL NUMBER |
| Classification number |
K2123 |
| Item number |
.H54 2009 |
| 082 04 - DEWEY DECIMAL CLASSIFICATION NUMBER |
| Edition number |
21 |
| Classification number |
341.511 |
| 092 04 - LOCALLY ASSIGNED DEWEY CALL NUMBER (OCLC) |
| Edition number |
21 |
| 099 ## - LOCAL FREE-TEXT CALL NUMBER (OCLC) |
| Classification number |
Law 11 2009 |
| 245 00 - TITLE STATEMENT |
| Title |
Highest courts and the internationalisation of law : |
| Remainder of title |
challenges and changes / |
| Statement of responsibility, etc. |
edited by Sam Muller and Marc Loth ; assistant editor, Jantine de Goei. |
| 264 ## - PRODUCTION, PUBLICATION, DISTRIBUTION, MANUFACTURE, AND COPYRIGHT NOTICE |
| Place of production, publication, distribution, manufacture |
The Hague : |
| Name of producer, publisher, distributor, manufacturer |
Hague Academic Press ; |
| Place of production, publication, distribution, manufacture |
West Nyack, NY : |
| Name of producer, publisher, distributor, manufacturer |
Cambridge University Press [distributor], |
| Date of production, publication, distribution, manufacture, or copyright notice |
2009. |
| 300 ## - PHYSICAL DESCRIPTION |
| Extent |
xiv, 216 p. ; |
| Dimensions |
25 cm. |
| Other physical details |
illustrations, |
| 336 ## - CONTENT TYPE |
| Content type term |
text |
| Source |
rdacontent |
| 337 ## - MEDIA TYPE |
| Media type term |
Computer |
| Source |
rdamedia |
| 338 ## - CARRIER TYPE |
| Carrier type term |
Online Resources |
| Source |
rdacarrier |
| 490 0# - SERIES STATEMENT |
| Series statement |
Hague colloquium on fundamental principles of law, |
| International Standard Serial Number |
1877-279X |
| 500 ## - GENERAL NOTE |
| General note |
Proceedings of a Colloquium organized by the Hague Institute for the Internationalisation of Law, June 30-July 1, 2006. |
| 504 ## - BIBLIOGRAPHY, ETC. NOTE |
| Bibliography, etc. note |
Includes bibliographical references (p. 195-211) and index. |
| 650 #0 - SUBJECT ADDED ENTRY--TOPICAL TERM |
| Topical term or geographic name entry element |
Courts of last resort |
| Form subdivision |
Congresses. |
| 650 #0 - SUBJECT ADDED ENTRY--TOPICAL TERM |
| Topical term or geographic name entry element |
Law and globalization |
| Form subdivision |
Congresses. |
| 655 #7 - INDEX TERM--GENRE/FORM |
| Genre/form data or focus term |
Conference papers and proceedings. |
| Source of term |
lcgft |
| Authority record control number or standard number |
https://id.loc.gov/authorities/genreForms/gf2014026068 |
| 700 1# - ADDED ENTRY--PERSONAL NAME |
| Personal name |
Muller, Sam, |
| Dates associated with a name |
1964- |
| 700 1# - ADDED ENTRY--PERSONAL NAME |
| Personal name |
Loth, M. A. |
| Fuller form of name |
(Marc A.), |
| Dates associated with a name |
1956- |
| 700 1# - ADDED ENTRY--PERSONAL NAME |
| Personal name |
Goei, Jantine de. |
| 856 40 - ELECTRONIC LOCATION AND ACCESS |
| Uniform Resource Identifier |
<a href="https://fll.law.cu.edu.eg/fulltext/bks/ENGB11-00046.pdf">https://fll.law.cu.edu.eg/fulltext/bks/ENGB11-00046.pdf</a> |
| 905 ## - Cataloger and Reviser Names |
| Cataloger Name: |
Hend El khosy |
| 942 ## - ADDED ENTRY ELEMENTS (KOHA) |
| Source of classification or shelving scheme |
Dewey Decimal Classification |
| Koha item type |
Books |
| Edition |
21 |
| Suppress in OPAC |
No |